01162nam a2200241Ia 4500001000600000003000900006008004100015040001300056040001300069041001300082100002200095100002900117245004100146245005000187250001100237260000900248260002400257260004900281300005900330500047300389650002700862650003100889C7488IT-RoPAU130308s9999 xx 000 0 und d aIT-RoPAU cIT-RoPAU aITALIANO aCosulich Callisto gCodice Aut. SPICS: 7749 aDrammatico: epopee e grandi passioni bCapolavori raccontano un Secolo di Cinema (I) a1a ed. aALBA bPeriodici San Paolo c1994 [1° Ed.:1994 - Ed.Ling.Originale:1994] a"16 p. (prefazione: no ; testo: 16 [pagine: 213-228])" aAddio Lieto Fine. Schede e Note Critiche dei Film: L'Angelo Azzurro (1930)Di Josef Von Sternberg, Viale del Tramonto (1950) di Billy Wilder, via Colvento (1939) di Victor Fleming, da Qui All'Eternità€ (1953) di Fred Zinnemann, un Uomo da Marciapiede (1969) di John Schlesinger, Bird (1988) di Clint Eastwood. Marlene Dietrich la Diva della Passione, Amore Sullo sfondo delle Guerre, le signore del Cuore o le Grandi Dive. Serie D'Autore. Male Oscuro del Film Tedesco. aGENERI CINEMATOGRAFICI eCodice materia Spics: 6810